000 00387nam a22001697a 4500
003 OSt
008 250529b |||||||| |||| 00| 0 eng d
020 _a9788170771555
082 _a181.45 SHY
100 _aSASHTRI, Acharya Udyaveer
245 _aYogdarsanam
250 _a1st
260 _aNew Delhi
_bArya Prakashan
_c2024
300 _a384
650 _aGeneral
942 _2ddc
_cBK
999 _c13615
_d13615